00677nas a22001813 450000100090000000300040000900500170001300800410003001000170007104000070008805000140009511000360010924500210014531000140016650002640018052000340044465300170047810677371OSt20210622103410.0880109u xx u 0 0 0und  asv 88003142  cLC aKRX13.G43 bMinistry of the Interior, Ghana00aActs of Ghana. / aIrregular aAct 29 - Criminal offences Act, 1960, with Amendments: Act 554, 646, and 849 Act 55 - Bills of exchange Act, 1961 Act 749 - Anti-money laundering Act, 2008 Act 804 - Economic and organised crime Act, 2010 Act 874 - Anti-money laundering (Amendment) Act, 2014  uhttps://www.mint.gov.gh/acts/ aLaw -- Ghana